000 00573nam a2200181Ia 4500
999 _c45993
_d45993
003 GCL
005 20240530104250.0
008 140319s9999 xx 000 0 ara d
040 _aGCL /
_cGCL
082 0 4 _a250.9
_bع ت
100 1 _aعبدالودود محمد السريتى
245 1 0 _aتاريخ الفقة الاسلامى ونظرياتة العامة /
_cعبدالودود محمد السريتى
300 _a380 ص
650 0 4 _aالاسلام
650 0 4 _aالشريعة الاسلامية
650 0 4 _aالفقه الاسلامى
942 _2ddc
_cBK